Hollywood Undead Lyric Quiz #1 - Statistics

General Stats
  • This quiz has been taken 470 times
  • The average score is 13 of 26
Answer Stats
Hint Answer % Correct
Goodnight sleep tight, don't let the _____ Dead bite
85%
Wake up, grab beer, grab rear, shave beard, put on some_____ Scene gear
83%
Hold on Holy Ghost, go on, hold me close, better run, here we come, its _____ The Day of the Dead
75%
You better get up out the way, tomorrow we'll rise, so lets _____ Fight today
70%
You can see God _____ When I take my mask off
68%
When you can't sleep well you can't dream, when you can't dream well_____ Whats life mean
67%
Heaven will open up, if I live on my knees, a man of many words, but a man of _____ Few deeds
61%
We only leave a pre-party, to go_____ Party some more
61%
We will fight, or we will fall, till the angels_____ Save us all
55%
I was running in circles, I hurt myself, just to _____ Find my purpose
53%
The necks of this youth, with their necks through this _____ Noose
53%
I won't cry, it'll be fine, I'll take my last breath, push it out my chest, til there's _____ Nothing left
53%
All the kids in the hood, cmon wave and _____ Shake your hands
53%
Take the knife and twist it, where's my heart?_____ You missed it.
52%
I don't wanna live, this destiny, it goes on_____ Endlessly
48%
You can be anything, but not another_____ Three
48%
Voices won't go away, they stay for_____ Days and days
46%
I'm not just a man with these broken dreams, even I can go to heaven if I _____ Part the sea
42%
I think I've lost my mind_____ I'm feeling so alive
39%
Born to walk away_____ Been walking my whole life
37%
There's a black flag, hanging over this town_____ Get down
37%
I put down another sack of them, then its straight back to the_____ Flask again
32%
Lived a hundred years, a hundred years _____ I didn't see
32%
Guess I'll say a prayer, and I'll kiss_____ Into the air
31%
I know, I know I'm not right, but I've got my whole life, and that's_____ Alright with me
27%
Pour a little out for the ones_____ Who passed away
23%
No matching quizzes found
Score Distribution
Percent of People with Each Score
Percentile by Number Answered
Your Score History
You have not taken this quiz